| 000 | 00698nam a2200217Ia 4500 | ||
|---|---|---|---|
| 003 | GCL | ||
| 008 | 140319s9999 xx 000 0 ara d | ||
| 040 |
_aGCL / _cGCL |
||
| 082 | 0 | 4 |
_a324.9566 _bن ع |
| 100 | 1 | _aرياض الصمد | |
| 245 | 1 | 0 |
_aالعملية الانتخابية والديمقراطية فى لبنان / _cرياض الصمد |
| 700 | 1 | _aسمير صبحى | |
| 260 |
_a[S.N] : _bالمؤسسة الجامعية للدراسات والنشر والتوزيع ، _c1978 |
||
| 300 | _a262 | ||
| 490 | _a | ||
| 650 | 0 | 4 | _aالانتخابات |
| 650 | 0 | 4 | _aالديمقراطية |
| 650 | 0 | 4 | _aلبنان |
| 650 | 0 | 4 | _aالاحزاب السياسية |
| 942 |
_2ddc _cBK |
||
| 999 |
_c31120 _d31120 |
||